[Event "Voronezh op-B 20th"]
[Site "Voronezh"]
[Date "2016.06.18"]
[Round "6"]
[White "Chervonenkis, Boris"]
[Black "Komarov, Alexey"]
[Result "0-1"]
[WhiteElo "1696"]
[BlackElo "1995"]
[PlyCount "104"]
[EventDate "2016.06.12"]
[EventType "swiss"]
[EventRounds "9"]
[EventCountry "RUS"]
[SourceTitle "EXT 2017"]
[Source "ChessBase"]
[SourceDate "2016.10.25"]
[SourceVersion "1"]
[SourceVersionDate "2016.10.25"]
[SourceQuality "1"]

1. e4 e5 2. Bc4 Nc6 3. Nc3 Nf6 4. d3 Na5 5. Bb3 Nxb3 6. axb3 d5 7. exd5 Nxd5 8. Nf3 Nxc3 9. bxc3 Bd6 10. 0-0 0-0 11. Re1 Re8 12. h3 Qf6 13. Nd2 Qg6 14. Kh1 f5 15. Nc4 Bd7 16. Nxd6 cxd6 17. f3 Bc6 18. Be3 a6 19. d4 h6 20. d5 Bd7 21. f4 Kh7 22. fxe5 dxe5 23. Qd2 Qf6 24. Bg1 Rf8 25. Bh2 Rae8 26. Re2 g5 27. Rae1 f4 28. c4 Bf5 29. Qc3 e4 30. Qxf6 Rxf6 31. Kg1 e3 32. Rf1 Kg6 33. c5 Be4 34. Rd1 f3 35. Rxe3 f2+ 36. Kf1 Bxg2+ 37. Kxg2 Rxe3 38. Rf1 Rff3 39. Rxf2 Rxf2+ 40. Kxf2 Rxh3 41. Bg3 Kf5 42. c6 bxc6 43. dxc6 Ke6 44. b4 Rh1 45. c4 Rb1 46. c7 Kd7 47. Bd6 Rc1 48. c5 Rc4 49. Kg3 Kc8 50. Bf8 h5 51. Be7 Rxb4 52. Bxg5 Kxc7 0-1

[Event "Chigorin Memorial 23rd"]
[Site "St Petersburg"]
[Date "2015.10.10"]
[Round "8"]
[White "Sorokopudov, Vladimir M"]
[Black "Komarov, Alexey"]
[Result "0-1"]
[WhiteElo "2078"]
[BlackElo "1921"]
[PlyCount "98"]
[EventDate "2015.10.03"]
[EventType "swiss"]
[EventRounds "9"]
[EventCountry "RUS"]
[SourceTitle "CBM 168 Extra"]
[Source "ChessBase"]
[SourceDate "2015.10.29"]
[SourceVersion "1"]
[SourceVersionDate "2015.10.29"]
[SourceQuality "1"]

1. d4 d5 2. Nf3 a6 3. Bg5 Bg4 4. e3 Qd7 5. Be2 Nc6 6. Nbd2 e6 7. c4 f6 8. Bf4 0-0-0 9. cxd5 exd5 10. Rc1 Bd6 11. Bxd6 Qxd6 12. Rc5 Nge7 13. 0-0 g5 14. a3 h5 15. b4 h4 16. b5 axb5 17. Bxb5 Bxf3 18. Qxf3 Rhg8 19. g4 hxg3 20. fxg3 Rgf8 21. Bxc6 Nxc6 22. Qf5+ Kb8 23. Rb1 Rfe8 24. Qd3 Rd7 25. Nf1 Nd8 26. Qb5 f5 27. Rb4 c6 28. Qa5 Rc7 29. Ra4 Kc8 30. Qd2 Kd7 31. Qf2 Rf8 32. Ra8 Rc8 33. Rxc8 Kxc8 34. Qf3 Ne6 35. Ra5 Kc7 36. Qh5 f4 37. Qh7+ Kb8 38. Qc2 fxe3 39. Nxe3 Nxd4 40. Qa4 Nf3+ 41. Kg2 Kc7 42. Ra8 Ne1+ 43. Kh1 Rxa8 44. Qxa8 Nd3 45. Qa5+ Kb8 46. Nf5 Qf8 47. g4 Nf2+ 48. Kg2 Nxg4 49. h3 Qxf5 0-1

[Event "Chigorin Memorial 23rd"]
[Site "St Petersburg"]
[Date "2015.10.07"]
[Round "5"]
[White "Komarov, Alexey"]
[Black "Abdildayeva, Laura"]
[Result "1-0"]
[WhiteElo "1921"]
[BlackElo "1600"]
[PlyCount "45"]
[EventDate "2015.10.03"]
[EventType "swiss"]
[EventRounds "9"]
[EventCountry "RUS"]
[SourceTitle "CBM 168 Extra"]
[Source "ChessBase"]
[SourceDate "2015.10.29"]
[SourceVersion "1"]
[SourceVersionDate "2015.10.29"]
[SourceQuality "1"]

1. c4 Nf6 2. Nf3 c5 3. Nc3 e6 4. g3 b6 5. Bg2 Bb7 6. 0-0 Be7 7. d4 cxd4 8. Qxd4 d6 9. Bg5 h6 10. Bxf6 Bxf6 11. Qf4 0-0 12. Rfd1 Bxc3 13. bxc3 Qc7 14. Qxd6 Qxd6 15. Rxd6 Rc8 16. Rad1 Na6 17. e3 Rxc4 18. Ng5 Bd5 19. e4 hxg5 20. exd5 Re8 21. Bf1 exd5 22. Bxc4 dxc4 23. Rd8 1-0